| 000 | 00618nam a2200193Ia 4500 | ||
|---|---|---|---|
| 008 | 220216s9999 xx 000 0 und d | ||
| 100 | _aDengie G.Y | ||
| 245 | 0 | _aAnalysis of improved production practices in small holder natural rubber plantation for sustainable natural rubber industry in Nigeria | |
| 260 |
_bEuropean Journal of Applied Sciences _c2020 |
||
| 650 | _aImproved practices | ||
| 650 | _aIndustry | ||
| 650 | _aNatural rubber | ||
| 650 | _aNigeria | ||
| 650 | _aProduction function | ||
| 700 | _aMusa E | ||
| 700 | _aYustus S.F | ||
| 856 | _uCopy (doi.or/10.14738/ejas.82.8423) | ||
| 942 | _cJS | ||
| 999 |
_c54229 _d54229 |
||